000 00701nam a22002057a 4500
005 20251108175054.0
008 250721s2010 xx 000 0 ara d
082 1 4 _a658.5/فيا
100 1 _aالفياض، محمود أحمد
245 1 0 _aإدارة الإنتاج و العمليات : مدخل نظمي /
246 1 1 _aPRODUCTION AND OPERATIONS MANAGEMENT SYSTEMS APPROACH
264 1 _aعمان :
_bدار صفاء للنشر والتوزيع،
_c2010.
300 _a424 ص.
650 1 7 _aإدارة الإنتاج
650 1 7 _aتقنيات الإنتاج
650 1 7 _aتخطيط الإنتاج
700 1 _aقدادة، عيسى يوسف
942 _2ddc
_cBK
999 _c125469
_d125469